SOCIO-economic issues and constraints in the bamboo and rattan sectors : INBAR's assessment

Bibliographic Details
Corporate Author: International Network for Bamboo and Rattan (INBAR)
Format: Book
Published: Beijing, China : International Network for Bamboo and Rattan , 1999
Series:Working paper; n. 23
Subjects:

MARC

LEADER 00000cam a2200000 7i4500
001 0000000921
005 20001115.0
020 0 0 |a 8186247432 
090 0 0 |a 633.58   |b SOC 1999 
245 0 0 |a SOCIO-economic issues and constraints in the bamboo and rattan sectors :   |b INBAR's assessment 
260 0 0 |a Beijing, China :   |b International Network for Bamboo and Rattan ,   |c 1999 
300 |a 28 p. ;   |c 28 cm. 
440 0 0 |a Working paper; n. 23 
500 0 0 |a Bibliography [p. 28] 
650 0 0 |a Bamboo   |x Economic aspects 
650 0 0 |a Bamboo   |x Management 
650 0 0 |a Rattan   |x Economic aspects 
650 0 0 |a Rattan   |x Management 
710 1 1 |a International Network for Bamboo and Rattan (INBAR) 
999 |a 0000002286   |b Monograph   |c Open Shelf   |e Default branch